Vida de Alfonso el Magnánimo / (Record no. 82419)

MARC details
000 -LEADER
campo de control de longitud fija 00618nam a2200205 i 4500
001 - NÚMERO DE CONTROL
campo de control 82419
003 - IDENTIFICADOR DE NÚMERO DE CONTROL
campo de control ES-MaACL
005 - FECHA Y HORA DE LA ÚLTIMA TRANSACCIÓN
campo de control 20230906174653.0
007 - CAMPO FIJO DE DESCRIPCIÓN FÍSICA--INFORMACIÓN GENERAL
campo de control de longitud fija t|
008 - DATOS DE LONGITUD FIJA--INFORMACIÓN GENERAL
campo de control de longitud fija 041110s1951 sp ||||1| spa d
100 1# - ENTRADA PRINCIPAL--NOMBRE DE PERSONA
Nombre de persona Igual Ubeda, Antonio.
9 (RLIN) 65156
245 10 - MENCIÓN DEL TÍTULO
Título Vida de Alfonso el Magnánimo /
Mención de responsabilidad, etc. por Antonio Igual Ubeda.
260 ## - PUBLICACIÓN, DISTRIBUCIÓN, ETC.
Lugar de publicación, distribución, etc. Barcelona :
Nombre del editor, distribuidor, etc. Seix Barral,
Fecha de publicación, distribución, etc. 1951.
300 ## - DESCRIPCIÓN FÍSICA
Extensión 143 p., 9 lám. ;
Dimensiones 19 cm.
490 1# - MENCIÓN DE SERIE
Mención de serie Vidas de grandes hombres
600 14 - PUNTO DE ACCESO ADICIONAL DE MATERIA--NOMBRE DE PERSONA
Nombre de persona Alfonso
Numeración V
Títulos y otros términos asociados al nombre Rey de Aragón.
9 (RLIN) 161566
830 0# - PUNTO DE ACCESO ADICIONAL DE SERIE-TÍTULO UNIFORME
Título uniforme Vidas de grandes hombres
9 (RLIN) 183755
852 ## - LOCALIZACIÓN
Ubicación ES-MaACL
Número de control de estantería D-7944
Sublocalización o colección R.32049
Holdings
Estatus retirado Estado de pérdida Estado de daño No para préstamo Biblioteca de origen Biblioteca actual Ubicación en estantería Fecha de adquisición Fuente de adquisición Total de préstamos Signatura topográfica completa Código de barras Visto por última vez Precio de reemplazo Tipo de ítem Koha
        Biblioteca del Ateneo de Madrid Biblioteca del Ateneo de Madrid Sala Valle Inclán 17/01/2008     D-7944 901086135 23/02/2023 23/02/2023 Libro impreso